[Event "e2e4 Basingstoke Int Open"]
[Site "Basingstoke ENG"]
[Date "2012.10.28"]
[Round "3.8"]
[White "D'Costa,L"]
[Black "Hanley,C"]
[Result "0-1"]
[WhiteElo "2426"]
[BlackElo "2406"]

1.c4 e5 2.g3 Nf6 3.Bg2 h6 4.Nc3 Bb4 5.e4 O-O 6.Nge2 d6 7.O-O Be6 8.d3 c6
9.h3 Qd7 10.Kh2 d5 11.exd5 cxd5 12.d4 Bxc3 13.bxc3 Nc6 14.Rb1 Rac8 15.Be3 Rfe8
16.dxe5 Nxe5 17.Bxa7 Bf5 18.Rb3 Bd3 19.Be3 Bxc4 20.Rb6 Rc6 21.Rxc6 bxc6 22.a4 c5
23.Kg1 Nd3 24.Qc2 Ne4 25.Rd1 Nexf2 26.Bxf2 Nxf2 27.Kxf2 Rxe2+ 28.Qxe2 Bxe2
29.Kxe2 d4 30.cxd4 cxd4 31.Ra1 Qe6+ 32.Kf1 d3  0-1

[Event "TCh-FIN SM 2012-13"]
[Site "Joensuu FIN"]
[Date "2012.10.28"]
[Round "5.3"]
[White "Wallin,A"]
[Black "Jouhki,Y"]
[Result "1/2-1/2"]
[WhiteElo "2166"]
[BlackElo "2276"]

1.c4 e5 2.g3 Nc6 3.Nc3 Nf6 4.Bg2 Bc5 5.Nf3 d6 6.O-O a6 7.d3 h6 8.a3 O-O 9.b4 Ba7
10.Bb2 Bg4 11.e3 Qd7 12.Rc1 Rfe8 13.Qc2 Ne7 14.Rfe1 Ng6 15.d4 exd4 16.exd4 Rxe1+
17.Rxe1 Re8 18.Rxe8+ Qxe8 19.h3 Bxf3 20.Bxf3 Bxd4 21.Bxb7 Qe5 22.Kg2 Nh5
23.Nd1 Bxb2 24.Nxb2 Qd4 25.Nd3 Qa7 26.Bf3 Nf6 27.Qc3 Nd7 28.Be4 Ne7 29.Nf4 Nf6
30.Bf3 c6 31.a4 Kf8 32.a5 Qb8 33.Nd3 Nd7 34.Qd4 Qc7 35.Qe4  1/2-1/2

[Event "4th Marcel Duchamp Open"]
[Site "Buenos Aires ARG"]
[Date "2012.10.29"]
[Round "7.18"]
[White "Pineiro,Dar"]
[Black "Sotelo,Noe"]
[Result "1-0"]
[WhiteElo "2141"]
[BlackElo "1759"]

1.c4 e5 2.g3 Nc6 3.Nc3 g6 4.Bg2 Bg7 5.e4 Nge7 6.Nge2 h5 7.h3 d6 8.d3 h4 9.g4 f5
10.gxf5 gxf5 11.Bg5 Qd7 12.Qd2 f4 13.Bf3 Qe6 14.Nd5 Nxd5 15.exd5 Nd4 16.Be4 Qf7
17.Nxd4 exd4 18.O-O-O Be5 19.Rdg1 Kf8 20.Bg6 Qxg6 21.Be7+ Kxe7 22.Rxg6 Bf5
23.Rg5 Kf6 24.Rhg1 Bxh3 25.Qe2 Rh6 26.Qf3 Bd7 27.Qg2 h3 28.Rg6+ Kf7 29.Rg7+ Kf8
30.Qg5 Rf6 31.Rxd7  1-0

[Event "12th Sautron Open"]
[Site "Sautron FRA"]
[Date "2012.10.31"]
[Round "6.4"]
[White "Rusev,K"]
[Black "Karpatchev,A"]
[Result "0-1"]
[WhiteElo "2549"]
[BlackElo "2458"]

1.c4 e5 2.g3 Nf6 3.Bg2 c6 4.d4 Bb4+ 5.Bd2 Bxd2+ 6.Qxd2 d6 7.Nc3 O-O 8.e3 Re8
9.Nge2 e4 10.h3 d5 11.g4 h6 12.Ng3 Nh7 13.Qe2 Be6 14.h4 Nd7 15.O-O-O Ndf6
16.f3 dxc4 17.Ngxe4 Nd5 18.g5 h5 19.Rhe1 Qa5 20.a3 b5 21.Na2 Qc7 22.Qf2 a5
23.Qg3 Qxg3 24.Nxg3 b4 25.Ne4 c3 26.b3 Nxe3 27.Rxe3 Bxb3 28.Naxc3 bxc3 29.Rdd3 Nf8
30.Bh3 Rad8 31.Rxc3 Bd5 32.Bf5 Ng6 33.Bxg6 fxg6 34.Ng3 Rxe3 35.Rxe3 Rf8 36.Ne2 Bxf3
37.Kd2 Bg4 38.Kc3 Rf2 39.Nc1 Bf5 40.Nd3 Ra2 41.Kb3 Rh2 42.Ne5 Rxh4 43.Nxc6 Re4
44.Rd3 h4 45.d5 h3 46.Rd2 Kf7 47.Nxa5 Rh4 48.Rh2 Be4 49.Kc3 Bxd5 50.Nb3 Rc4+
51.Kb2 Bg2 52.Nd2 Rc5  0-1

[Event "16th OIBM 2012"]
[Site "Bad Wiessee GER"]
[Date "2012.11.01"]
[Round "6.29"]
[White "Tennstedt,A"]
[Black "Pirrot,D"]
[Result "1/2-1/2"]
[WhiteElo "2191"]
[BlackElo "2380"]

1.c4 e5 2.g3 c6 3.Bg2 d5 4.cxd5 cxd5 5.d4 e4 6.Nc3 Bb4 7.Qb3 Nc6 8.e3 Nf6
9.Bd2 Bxc3 10.Bxc3 O-O 11.h3 b6 12.Bb4 Nxb4 13.Qxb4 Ba6 14.Ne2 Qd7 15.Rc1 h5
16.Qd2 Nh7 17.h4 Rfe8 18.O-O g5 19.hxg5 Nxg5 20.Rfe1 Nf3+ 21.Bxf3 exf3 22.Nf4 Re4
23.Kh2 Bc8 24.Rh1 Rxf4 25.Rxc8+ Rxc8 26.gxf4 Kh8 27.Rg1 Rg8 28.Qd1 Rg4 29.Qxf3 Rh4+
30.Kg2 f5 31.Kf1 Qa4 32.Rg5 Qc4+ 33.Kg2 Rg4+ 34.Kh2 Rh4+ 35.Kg3 Rg4+ 36.Rxg4 hxg4
37.Qh1+ Kg7 38.Qh4 Qf1 39.Qe7+ Kg8 40.Qe8+ Kg7 41.Qe7+ Kg8 42.Qe8+ Kg7 43.Qe7+ Kg6
44.Qe6+  1/2-1/2

[Event "4th Marcel Duchamp GM"]
[Site "Buenos Aires ARG"]
[Date "2012.11.01"]
[Round "10"]
[White "Flores,Di"]
[Black "Felgaer,R"]
[Result "1-0"]
[WhiteElo "2598"]
[BlackElo "2579"]

1.c4 e5 2.g3 Nf6 3.Bg2 d5 4.cxd5 Nxd5 5.Nc3 Nb6 6.Nf3 Nc6 7.O-O Be7 8.a3 O-O
9.b4 Be6 10.Rb1 f6 11.d3 Nd4 12.Nxd4 exd4 13.Ne4 Bd5 14.Bb2 f5 15.Nd2 a5
16.Bxd5+ Qxd5 17.Nb3 axb4 18.axb4 Bf6 19.Na5 Rf7 20.Rc1 Qd6 21.Nxb7 Qxb4
22.Qc2 Na4 23.Qc6 Ra7 24.Nc5 Nxb2 25.Qe8+ Rf8 26.Qe6+ Kh8 27.Nd7 Raa8 28.Nxf8 Rxf8
29.Rxc7 Na4 30.Rc4 Qb6 31.Qxf5 Nc3 32.e4 g6 33.Qd7 Qd8 34.Qa7 Kg8 35.f4 g5
36.f5 g4 37.Qb7  1-0

[Event "TCh-NOR Eliteserien 2012-13"]
[Site "Haraldsheim NOR"]
[Date "2012.11.02"]
[Round "4"]
[White "Leer Salvesen,B"]
[Black "Hammerstad,A"]
[Result "1/2-1/2"]
[WhiteElo "2371"]
[BlackElo "2260"]

1.c4 e5 2.g3 f5 3.Bg2 Nf6 4.Nc3 g6 5.d3 Bg7 6.Nf3 Nc6 7.O-O O-O 8.Rb1 a5
9.a3 d6 10.b4 axb4 11.axb4 h6 12.b5 Ne7 13.c5 Be6 14.Bb2 Nd7 15.cxd6 cxd6
16.e4 Nc5 17.d4 Bb3 18.Qd2 Nxe4 19.Qe3 Bc4 20.Rfd1 Nxc3 21.Qxc3 Be2 22.dxe5 Bxd1
23.Rxd1 d5 24.Qb4  1/2-1/2

[Event "TCh-NOR Eliteserien 2012-13"]
[Site "Haraldsheim NOR"]
[Date "2012.11.02"]
[Round "6"]
[White "Astrup,K"]
[Black "Gabrielsen,T"]
[Result "0-1"]
[WhiteElo "2256"]
[BlackElo "2277"]

1.c4 e5 2.g3 Nf6 3.Bg2 c6 4.d4 exd4 5.Qxd4 d5 6.cxd5 cxd5 7.Nf3 Nc6 8.Qa4 Bc5
9.O-O O-O 10.Bg5 h6 11.Bxf6 Qxf6 12.Nc3 Be6 13.Qb5 Qe7 14.Na4 Bd6 15.Rac1 Nb4
16.Nc5 Nxa2 17.Ra1 Bxc5 18.Rxa2 Rac8 19.Raa1 Bb6 20.Qd3 Qf6 21.Qd2 Rc4 22.e3 Rfc8
23.Ne1 h5 24.Ra3 Rc1 25.Rd3 Rb1 26.b3 Qa1 27.Rxd5 Bxd5 28.Bxd5 Rd1  0-1

[Event "16th OIBM 2012"]
[Site "Bad Wiessee GER"]
[Date "2012.11.03"]
[Round "8.19"]
[White "Wegerle,J"]
[Black "Thiel,K"]
[Result "1-0"]
[WhiteElo "2413"]
[BlackElo "2229"]

1.c4 e5 2.g3 c6 3.d4 exd4 4.Qxd4 d5 5.Bg2 Nf6 6.Nf3 Be7 7.cxd5 cxd5 8.O-O Nc6
9.Qa4 O-O 10.Nc3 Qb6 11.Qb5 d4 12.Qxb6 axb6 13.Nb5 Bc5 14.Rd1 Rd8 15.Nc7 Ra7
16.Bg5 Bf5 17.Bxf6 gxf6 18.Ne1 Ra5 19.Nd5 Kg7 20.Nd3 Ra4 21.a3 Be6 22.N3f4 f5
23.Rac1 Ra7 24.Nxe6+ fxe6 25.Nc7 Kf6 26.b4 Bf8 27.Nb5 Raa8 28.Bxc6 bxc6 29.Rxc6 f4
30.gxf4 Bh6 31.Rxd4 Rxd4 32.Nxd4 Bxf4 33.Rxe6+ Kf7 34.Rxb6  1-0

[Event "Vizag GM Open 2012"]
[Site "Visakhapatnam IND"]
[Date "2012.11.03"]
[Round "11.9"]
[White "Gagare,Shar"]
[Black "Deepan,C"]
[Result "1/2-1/2"]
[WhiteElo "2366"]
[BlackElo "2523"]

1.c4 e5 2.g3 f5 3.Bg2 Nf6 4.d3 Bb4+ 5.Bd2 Bxd2+ 6.Qxd2 O-O 7.Nc3 c6 8.Nf3 Qe7
9.O-O Na6 10.Rab1 d6 11.b4 Bd7 12.Qe3 f4 13.Qc1 Ng4 14.Qa3 Rae8 15.Ne4 fxg3
16.hxg3 Qf7 17.b5 Qh5 18.Rfe1 Nc5 19.Nxc5 dxc5 20.Qxc5 cxb5 21.cxb5 b6 22.Qc1 Rf5
23.Rb4 Be6 24.Qc6 Rf6 25.Rc1 Rc8 26.Qxe6+ Rxe6 27.Rxc8+ Kf7 28.Bh3 e4 29.dxe4 h6
30.Kg2 Re7  1/2-1/2

[Event "3rd Mendeleev GM"]
[Site "Tyumen RUS"]
[Date "2012.11.08"]
[Round "4"]
[White "Artemiev,V"]
[Black "Brodsky,M"]
[Result "1/2-1/2"]
[WhiteElo "2461"]
[BlackElo "2563"]

1.c4 e5 2.g3 Nf6 3.Bg2 d5 4.cxd5 Nxd5 5.Nc3 Nb6 6.e3 Nc6 7.Nge2 g6 8.O-O Bg7
9.f4 O-O 10.fxe5 Nxe5 11.d4 Nc6 12.Nf4 Ne7 13.Qb3 c6 14.a4 a5 15.Bd2 Bf5
16.Rad1 Nec8 17.Bc1 Qe7 18.Nd3 Be6 19.Qc2 Nd5 20.Nxd5 Bxd5 21.Bxd5 cxd5 22.Qb3 Rd8
23.Nf4 Qd6 24.Bd2 Ne7 25.Rc1 b6 26.Rc2 Rac8 27.Rfc1 Rxc2 28.Rxc2 Bh6 29.Nd3 Qe6
30.Nf2 Bg5 31.e4 Bxd2 32.Rxd2 Rc8 33.Rc2 Rxc2 34.Qxc2 Nc6 35.Qd1 h5 36.Qd3 Nb4
37.Qf3 dxe4 38.Nxe4 Qc4 39.Qc3 Qe6 40.Qf3 Kg7 41.h4 Nc6 42.Ng5 Qf6 43.d5 Qd4+
44.Kf1 Ne5 45.Qxf7+ Nxf7 46.Ne6+ Kf6 47.Nxd4 Ke5 48.Nc6+ Kxd5 49.Ne7+ Kc4
50.Nc8 Kc5 51.Ke2 Ne5 52.Kd2 Nc4+ 53.Kc3 Ne3 54.Ne7 Nf1 55.Nxg6 Nxg3 56.Nf4 Nf5  1/2-1/2

[Event "WY BU16 2012"]
[Site "Maribor SLO"]
[Date "2012.11.10"]
[Round "3.26"]
[White "Vicente,J"]
[Black "Artemenko,O"]
[Result "0-1"]
[WhiteElo "2042"]
[BlackElo "2235"]

1.c4 e5 2.g3 Nc6 3.Bg2 g6 4.Nc3 Bg7 5.d3 d6 6.Rb1 a5 7.a3 f5 8.e3 Nf6 9.Nge2 O-O
10.O-O Ne7 11.f4 c6 12.d4 exd4 13.Nxd4 d5 14.c5 Ne4 15.Na4 Bd7 16.b4 axb4
17.axb4 Nc8 18.Bb2 b6 19.Ra1 Re8 20.Qd3 Rb8 21.Rfb1 Qe7 22.Bxe4 fxe4 23.Qc3 b5
24.Nb6 Qf7 25.Ra6 Bg4 26.Qc2 Na7 27.Rxa7 Qxa7 28.Nxc6 Qa2 29.Nxb8 Rxb8 30.Qc1 Bh3
31.Kf2 d4 32.g4 Bxg4 33.Kg3 Bf3 34.Qg1 Qe6 35.h3 Rd8 36.Bxd4 Bxd4 37.exd4 g5
38.Kh2 Qa2+ 39.Kg3 Rxd4 40.fxg5 Rd2 41.Ra1 Rg2+ 42.Kh4 Qd2 43.Ra8+ Kf7 44.Ra7+ Ke6
45.Qxg2 Qxg2 46.g6 Qxg6 47.Nd7 Kf5  0-1

[Event "CBX IM Salvador 2012"]
[Site "Salvador BRA"]
[Date "2012.11.10"]
[Round "5.3"]
[White "Jatoba de Oliveira Reis,P"]
[Black "Barata,A"]
[Result "1-0"]
[WhiteElo "2424"]
[BlackElo "2199"]

1.c4 e5 2.g3 Nc6 3.Nc3 g6 4.Bg2 Bg7 5.e4 d6 6.Nge2 Be6 7.d3 Qd7 8.Nd5 h5
9.h4 Nd8 10.d4 f6 11.b3 c6 12.Ndc3 Bh6 13.Ba3 Ne7 14.Qd3 Qc7 15.O-O Nf7 16.f4 Bg4
17.Bc1 Bg7 18.Be3 O-O 19.Rf2 Rad8 20.Raf1 f5 21.fxe5 dxe5 22.d5 cxd5 23.exd5 e4
24.Qd2 Bxc3 25.Nxc3 Qxg3 26.Bf4 Qxh4 27.Qe3 b6 28.Nb5 g5 29.Bg3 f4 30.Qxf4 gxf4
31.Bxh4 f3 32.Bxe7 fxg2 33.Kxg2 e3 34.Rxf7 Rxf7 35.Rxf7 Re8 36.Nd6 h4 37.Bxh4  1-0

[Event "Brno Open 2012"]
[Site "Brno CZE"]
[Date "2012.11.11"]
[Round "2"]
[White "Strebkovs,A"]
[Black "Hofirek,Benedikt"]
[Result "1/2-1/2"]
[WhiteElo "2318"]
[BlackElo "2094"]

1.c4 e5 2.g3 Nf6 3.Bg2 d5 4.cxd5 Nxd5 5.Nf3 Nc6 6.d3 Be7 7.Nbd2 O-O 8.Nc4 f6
9.O-O Be6 10.b3 Nd4 11.Bb2 c5 12.e3 Nc6 13.Qe2 Qd7 14.Rfd1 Bg4 15.Nfxe5 Nxe5
16.Nxe5 fxe5 17.Bxd5+ Kh8 18.f3 Qxd5 19.fxg4 Qf3 20.Qxf3 Rxf3 21.Bxe5 Rxe3
22.Bf4 Re6 23.Re1 Rxe1+ 24.Rxe1 Bf8 25.Kf2 Kg8 26.Re5 Rd8 27.Ke3 g6 28.h4 Kf7
29.h5 Bg7 30.Re4 Rd5 31.Bb8 Rd8 32.Bf4 Rd5 33.Ra4 a6 34.Ke4 Ke6 35.hxg6 hxg6
36.Be3 Be5 37.Rc4 Bd6 38.Rc1 Re5+ 39.Kf3 Rd5 40.Ke2 b6 41.b4 cxb4 42.Bxb6 Bxg3
43.d4 Bd6 44.Ke3 Rb5 45.Bd8 a5 46.Ke4 a4 47.Rb1 b3 48.axb3 Rxb3 49.Rxb3 axb3  1/2-1/2

[Event "WY BU16 2012"]
[Site "Maribor SLO"]
[Date "2012.11.11"]
[Round "4.30"]
[White "Liu,Dennis"]
[Black "Beukema,S"]
[Result "1-0"]
[WhiteElo "1909"]
[BlackElo "2274"]

1.c4 e5 2.g3 Nf6 3.Bg2 d5 4.cxd5 Nxd5 5.Nc3 Nb6 6.Nf3 Nc6 7.O-O Be6 8.d3 Be7
9.a3 O-O 10.Rb1 f6 11.b4 Qd7 12.Ne4 Nd5 13.Qc2 b6 14.Bb2 a5 15.Rfc1 Nd8 16.b5 Nb7
17.d4 Nd6 18.dxe5 Nxe4 19.Qxe4 Bf5 20.Qc4 Bxb1 21.Rxb1 Kh8 22.e4 Ne3 23.fxe3 fxe5
24.Nxe5 Qe8 25.Nc6 Bg5 26.Bd4 Qh5 27.h4 Bh6 28.Ne7 Qg4 29.Kh2 Rf2 30.Rf1 Rxg2+
31.Kxg2 Qxe4+ 32.Kh2 Qxe7 33.Rf7 Qxa3 34.Qc6 Rg8 35.Qxc7 Qa2+ 36.Kh3 a4 37.g4 Qe6
38.Kg3 a3 39.g5 Qg6 40.Kh2 Bxg5 41.hxg5 Qh5+ 42.Kg2 Qxg5+ 43.Kf2 h6 44.Qg3 Qh5
45.Rxg7 Qf5+ 46.Ke1 Qb1+ 47.Kd2 Qa2+ 48.Kc3 Qb2+ 49.Kc4 Qe2+ 50.Kb4 Qd2+
51.Bc3 Qxc3+ 52.Kxc3 Rxg7 53.Qb8+ Kh7 54.Kb3 h5 55.Kxa3 Kh6 56.Qxb6+ Kg5
57.Qd4 Rf7 58.Qd5+ Rf5 59.Qxf5+ Kxf5 60.b6  1-0

[Event "WY GU18 2012"]
[Site "Maribor SLO"]
[Date "2012.11.11"]
[Round "4"]
[White "Varga,Kl"]
[Black "Krumova,A"]
[Result "1-0"]
[WhiteElo "2191"]
[BlackElo "2050"]

1.c4 e5 2.g3 Nc6 3.Bg2 d6 4.Nc3 Be6 5.d3 g6 6.e3 Qd7 7.Rb1 Bg7 8.b4 Nge7
9.Nd5 Nd8 10.b5 c6 11.Nxe7 Qxe7 12.Ba3 O-O 13.Ne2 Bd7 14.Qb3 Ne6 15.O-O Rac8
16.Nc3 f5 17.bxc6 Bxc6 18.Nb5 Bxb5 19.Qxb5 b6 20.Qd5 Rfd8 21.f4 Qf7 22.g4 exf4
23.gxf5 gxf5 24.Bh3 Be5 25.d4 Ng5 26.Qxf7+ Kxf7 27.Bxf5 Bf6 28.Bxc8 Rxc8
29.Bxd6 Ne4 30.Rxf4 Nxd6 31.Rbf1 Ne8 32.e4 Ke6 33.e5 Bg5 34.d5+ Kd7 35.Rf7+ Kd8
36.Rxa7 b5 37.c5 Rxc5 38.Rff7 Rc1+ 39.Kg2 Rc2+ 40.Kf3 Rc7 41.Ra8+ Rc8 42.Rxc8+ Kxc8
43.Rxh7  1-0

[Event "FSGM Nov 2012"]
[Site "Budapest HUN"]
[Date "2012.11.12"]
[Round "12.1"]
[White "Hagen,Andr"]
[Black "Varga,Zo"]
[Result "1/2-1/2"]
[WhiteElo "2418"]
[BlackElo "2456"]

1.c4 e5 2.g3 Nf6 3.Bg2 Nc6 4.Nc3 Bc5 5.Nf3 d6 6.d3 h6 7.O-O a6 8.a3 O-O 9.b4 Ba7
10.Bb2 Bg4 11.Rc1 Qd7 12.e3 Ne7 13.Qc2 c6 14.Ne4 Nxe4 15.dxe4 c5 16.Rfd1 Qc7
17.b5 axb5 18.cxb5 Nc8 19.Rd3 Nb6 20.Nd2 Bb8 21.Bf1 Be6 22.Nb1 f6 23.Rdd1 Qf7
24.Nd2 Na4 25.f4 Bc7 26.Re1 Rfe8 27.Kg2 Kh8 28.Red1 Qg8 29.Kf3 Bf7 30.Kf2 Bd8
31.Re1 Be7 32.Be2 Bf8 33.Bf1 Be6 34.Red1 Be7 35.Be2 Rec8 36.Re1 Qe8 37.Nb1 Qg8
38.Nd2 c4 39.Nb1  1/2-1/2

[Event "WY BU14 2012"]
[Site "Maribor SLO"]
[Date "2012.11.12"]
[Round "5.33"]
[White "Taylor,Adam C"]
[Black "Baskin,R"]
[Result "1/2-1/2"]
[WhiteElo "1946"]
[BlackElo "2071"]

1.c4 e5 2.g3 Nf6 3.Nc3 d5 4.cxd5 Nxd5 5.Bg2 Nb6 6.Nf3 Nc6 7.a3 Be7 8.b4 Be6
9.O-O O-O 10.d3 a5 11.b5 Nd4 12.Rb1 f6 13.Nd2 a4 14.Bxb7 Ra5 15.Bg2 Qd7 16.Nde4 Nxb5
17.Nxb5 Rxb5 18.Rxb5 Qxb5 19.Qc2 Rc8 20.Bb2 c5 21.Rb1 Qa6 22.Nd2 c4 23.dxc4 Nxc4
24.Nxc4 Bxc4 25.Rc1 Be6 26.Qe4 Rxc1+ 27.Bxc1 Bb3 28.Kf1 Qd6 29.Qd3 Qxd3 30.exd3 Kf7
31.Bh3 Bc5 32.Bd7 Ke7 33.Bb5 Kd6 34.Ke2 Bd4 35.Bd2 f5 36.h4  1/2-1/2

[Event "WY BU18 2012"]
[Site "Maribor SLO"]
[Date "2012.11.12"]
[Round "5.37"]
[White "Verhelst,J"]
[Black "Iskandarov,M"]
[Result "0-1"]
[WhiteElo "1987"]
[BlackElo "2396"]

1.c4 e5 2.g3 Nc6 3.Bg2 f5 4.d3 Nf6 5.Nc3 Bc5 6.e3 O-O 7.Nge2 d6 8.O-O a5
9.a3 Bb6 10.Rb1 Qe8 11.d4 f4 12.dxe5 f3 13.Bxf3 Nxe5 14.Bg2 Bg4 15.Qc2 Nf3+
16.Kh1 Qh5 17.h3 g5 18.Ng1 Nxg1 19.Kxg1 Bxh3 20.Qd1 Bg4 21.Qd3 Nd7 22.b4 axb4
23.axb4 Ne5 24.Qd5+ Rf7 25.Ne4 Qh6 26.Bb2 Be6 27.Qd2 Ng4 28.Rfc1 Qh2+ 29.Kf1 Nxe3+
30.Ke1 Qxg2 31.Qc3 Qf1+ 32.Kd2 Rxf2+ 33.Nxf2 Qxf2+ 34.Kd3 Bf5+  0-1

[Event "WY BU16 2012"]
[Site "Maribor SLO"]
[Date "2012.11.12"]
[Round "6.49"]
[White "Bezuidenhout,Roland"]
[Black "Pon,M"]
[Result "1/2-1/2"]
[WhiteElo "1974"]
[BlackElo "1887"]

1.c4 e5 2.g3 Nc6 3.Bg2 g6 4.Nc3 Bg7 5.d3 Nge7 6.e4 d6 7.Nge2 O-O 8.O-O Be6
9.Rb1 a5 10.Nd5 f5 11.Bg5 Rb8 12.Qd2 Qd7 13.Bh3 b6 14.Rbe1 Kh8 15.Bh6 Bxh6
16.Qxh6 Ng8 17.Qg5 Nb4 18.Nxb4 axb4 19.b3 Ra8 20.Qd2 f4 21.Bxe6 Qxe6 22.f3 fxg3
23.hxg3 c5 24.Kg2 Ne7 25.Rh1 Kg8 26.Ng1 Nc6 27.Nh3 Ra7 28.Ng5 Qf6 29.Ref1 Nd4
30.f4 Rfa8 31.Rf2 exf4 32.gxf4 Qd8 33.Kg3 Qc8 34.Rh6 Rg7 35.Rfh2 Raa7 36.R2h4 Rae7
37.Qh2 Qd7 38.Kf2 Qa7 39.Kf1 Qa3 40.Qd2 Qa8 41.Rh1 Ra7 42.R1h2 Nxb3 43.Qg2 Qf8
44.Qg4 Nd4 45.Ke1 Qe8  1/2-1/2

[Event "Brno Open 2012"]
[Site "Brno CZE"]
[Date "2012.11.14"]
[Round "6"]
[White "Golcman,E"]
[Black "Markovic,Iv CZE"]
[Result "1-0"]
[WhiteElo "2274"]
[BlackElo "2140"]

1.c4 e5 2.g3 f5 3.Bg2 d6 4.d3 Nf6 5.Nf3 Be7 6.O-O O-O 7.c5 e4 8.cxd6 Bxd6
9.dxe4 Nxe4 10.Nbd2 Nxd2 11.Bxd2 Nc6 12.Bc3 Qe7 13.Nd4 Nxd4 14.Qxd4 c6 15.Rad1 Bc5
16.Qd2 Be6 17.b4 Rad8 18.Qb2 Bb6 19.e3 Qf7 20.a4 a6 21.Rfe1 Bb3 22.Rxd8 Rxd8
23.b5 axb5 24.axb5 cxb5 25.Bxg7 Rc8 26.Bh6 Bc4 27.Rc1 Bc5 28.Rxc4  1-0

[Event "WY GU16 2012"]
[Site "Maribor SLO"]
[Date "2012.11.14"]
[Round "7.30"]
[White "Assaubayeva,Diana"]
[Black "Berger,N"]
[Result "1-0"]
[WhiteElo "1966"]
[BlackElo "1768"]

1.c4 e5 2.g3 Nc6 3.Bg2 f5 4.Nc3 Nf6 5.e3 Bc5 6.Nge2 d6 7.O-O O-O 8.d4 Bb6
9.a3 Qe8 10.b4 a5 11.Rb1 Qh5 12.c5 Ba7 13.b5 Nd8 14.b6 cxb6 15.cxb6 Bb8 16.a4 f4
17.exf4 Bh3 18.dxe5 dxe5 19.Nd5 Ng4 20.f3 Bxg2 21.fxg4 Qh3 22.Rf2 Be4 23.Rb5 Ne6
24.Nec3 Bg6 25.f5 Nd4 26.Ne4 Be8 27.Ne7+  1-0

[Event "WY BU14 2012"]
[Site "Maribor SLO"]
[Date "2012.11.14"]
[Round "7.65"]
[White "McCusker,Andrew"]
[Black "Novakovic,Julian"]
[Result "0-1"]
[WhiteElo "1619"]
[BlackElo "1812"]

1.c4 e5 2.g3 Nc6 3.Bg2 d6 4.Nc3 g6 5.e4 Bg7 6.Nge2 Nge7 7.O-O h5 8.h3 h4
9.g4 Be6 10.Nd5 Qd7 11.a3 f5 12.f3 O-O-O 13.d3 Rdf8 14.Bg5 fxg4 15.fxg4 Bxg4
16.Rxf8+ Rxf8 17.Nxe7+ Nxe7 18.Bxh4 Be6 19.Bg5 Rh8 20.h4 Nc6 21.Qd2 Bh3 22.Rf1 Qg4
23.Nc3 Bh6 24.Rf6 Nd4 25.Kf1 Bxg5 26.hxg5 Ne6 27.Nd5 Bxg2+ 28.Qxg2 Qd1+ 29.Kf2 Qc2+
30.Kg1 Qb1+ 31.Rf1 Qxd3 32.Qg4 Kd8 33.Kg2 Qd2+ 34.Rf2 Qxg5 35.Kf3 Rf8+  0-1

[Event "WY BU16 2012"]
[Site "Maribor SLO"]
[Date "2012.11.15"]
[Round "8.43"]
[White "Vicente,J"]
[Black "Madrigal Perez,Rodrigo"]
[Result "1-0"]
[WhiteElo "2042"]
[BlackElo "1924"]

1.c4 e5 2.g3 f5 3.Bg2 Nf6 4.Nc3 Be7 5.d3 O-O 6.e3 d6 7.Nge2 c6 8.O-O Be6
9.Qc2 Nbd7 10.Rb1 Rc8 11.b4 a6 12.a4 Qe8 13.b5 Qh5 14.bxa6 bxa6 15.Rb7 Rfe8
16.Ba3 Bf8 17.Ra7 Nb8 18.Rb1 Ng4 19.h3 Nf6 20.f4 g5 21.Rbb7 Nfd7 22.d4 exf4
23.gxf4 Bxc4 24.Rxd7 Nxd7 25.Rxd7 Rxe3 26.Bc1 Rxe2 27.Nxe2 Qxe2 28.Qxf5 Be7
29.Rxe7 Qxe7 30.Qxc8+ Kg7 31.Bd2 d5 32.Qg4 Qa3 33.Qxg5+ Kf7 34.Qh5+ Kg7 35.Qe5+ Kf7
36.f5 Qe7 37.Qxe7+ Kxe7 38.Bf1 Kf6 39.Bxc4 dxc4 40.Kf2 Kxf5 41.Kf3 Kg6 42.h4 Kf5
43.Bc3 h6 44.Bd2 Ke6 45.Bxh6  1-0

[Event "WY BU16 2012"]
[Site "Maribor SLO"]
[Date "2012.11.15"]
[Round "8.28"]
[White "Jacobsen,Mad"]
[Black "Svane,R"]
[Result "0-1"]
[WhiteElo "2019"]
[BlackElo "2399"]

1.c4 e5 2.g3 Nc6 3.Bg2 Bc5 4.Nc3 a6 5.a3 d6 6.e3 Ba7 7.Nge2 h5 8.h3 Nge7
9.b4 h4 10.g4 f5 11.Qc2 Be6 12.Nd5 fxg4 13.hxg4 Qd7 14.Nxe7 Qxe7 15.Qe4 O-O-O
16.Nc3 Kb8 17.Rb1 Qg5 18.b5 axb5 19.Rxb5 Bb6 20.Bf3 Rhf8 21.a4 Rxf3 22.Qxf3 Bxg4
23.Qe4 Qh5 24.Rh2 Rh8 25.Nd5 Bf3 26.Qd3 Qg4 27.Qf1 Ba5 28.Ne7 Nd4 29.Rb2 Qe4
30.Qh3 Qd3 31.Nc6+ Bxc6 32.exd4 Bf3 33.Rxb7+ Kxb7  0-1

[Event "22nd World Seniors Women"]
[Site "Kamena Vourla GRE"]
[Date "2012.11.16"]
[Round "4.9"]
[White "Saunina,L"]
[Black "Hoose,H"]
[Result "1-0"]
[WhiteElo "2272"]
[BlackElo "1750"]

1.c4 e5 2.g3 Nf6 3.Nc3 Nc6 4.Bg2 Bc5 5.Nf3 d6 6.d3 O-O 7.O-O Ne8 8.e3 a6
9.d4 exd4 10.exd4 Bb6 11.h3 Bd7 12.Re1 Qc8 13.Kh2 Nd8 14.Nd5 Nc6 15.Nxb6 cxb6
16.b3 Nc7 17.d5 Na7 18.a4 Re8 19.Be3 Qd8 20.Bxb6 Rxe1 21.Qxe1 Nc8 22.Bd4 Ne8
23.a5 Nf6 24.Ra2 b5 25.axb6 Nxb6 26.Qb4 Bb5 27.Bxb6 Qxb6 28.cxb5 Nxd5 29.Qc4 Nc7
30.bxa6 g6 31.Nd4 Rxa6 32.Rxa6 Nxa6 33.Bd5 Qa7 34.Qa4 Kg7 35.Kg2 Qc5 36.Qc4 Qxc4
37.Bxc4 Nc7 38.Nb5  1-0

[Event "WY GU16 2012"]
[Site "Maribor SLO"]
[Date "2012.11.16"]
[Round "9.25"]
[White "Assaubayeva,Diana"]
[Black "Leonardi,Caterina"]
[Result "1-0"]
[WhiteElo "1966"]
[BlackElo "1869"]

1.c4 e5 2.g3 c6 3.d4 d6 4.dxe5 dxe5 5.Qxd8+ Kxd8 6.Nc3 Be6 7.b3 Bb4 8.Bb2 Kc7
9.O-O-O f6 10.Ne4 Nd7 11.f4 exf4 12.gxf4 Bf5 13.Ng3 Nh6 14.Nxf5 Nxf5 15.Bh3 Nd6
16.e4 Rad8 17.a3 Bc5 18.Re1 Nf7 19.Nf3 Rhe8 20.e5 fxe5 21.fxe5 Bf2 22.Re2 Nc5
23.Kc2 Nd3 24.Bf5  1-0

[Event "TCh-AUT 2 East 2012-13"]
[Site "Austria AUT"]
[Date "2012.11.17"]
[Round "3.1"]
[White "Videki,S"]
[Black "Hagara,E"]
[Result "1-0"]
[WhiteElo "2429"]
[BlackElo "2410"]

1.c4 e5 2.g3 Nc6 3.Nc3 g6 4.Bg2 Bg7 5.d3 d6 6.Nf3 Nge7 7.O-O O-O 8.Rb1 a5
9.a3 h6 10.b4 axb4 11.axb4 Be6 12.b5 Nb8 13.Qb3 Nd7 14.Ba3 f5 15.Nd2 Ra7
16.Bb4 b6 17.Ra1 Nc5 18.Qc2 Rxa1 19.Rxa1 f4 20.Ra7 Qd7 21.Qa2 Nc8 22.Ra8 Qf7
23.Bxc5 dxc5 24.Nde4 Kh7 25.Bf3 g5 26.g4 Qd7 27.h3 Kg6 28.Qc2 h5 29.d4 Kh6
30.d5 Bf7 31.Kg2 Bg6 32.Qa2 Bf6 33.Qa1 Be7 34.Qh1 Rh8 35.Kf1 Kg7 36.Qg2 hxg4
37.Bxg4 Bf5 38.f3 Kg6 39.Kf2 Rh4 40.Ke1 Bd8 41.Nd1 Be7 42.Ndf2 Rh8 43.Nd3 Bf6
44.Nxg5 Bxg4 45.Ne6 Rh4 46.fxg4 Nd6 47.Nf8+  1-0

[Event "WY BU16 2012"]
[Site "Maribor SLO"]
[Date "2012.11.17"]
[Round "10.13"]
[White "Samdanov,S"]
[Black "Giroyan,G"]
[Result "0-1"]
[WhiteElo "2227"]
[BlackElo "2382"]

1.c4 e5 2.g3 Nf6 3.Bg2 c6 4.d4 e4 5.Nc3 d5 6.Bg5 dxc4 7.Nxe4 Bb4+ 8.Nc3 Qa5
9.Bd2 Qh5 10.Ne4 Be7 11.Nxf6+ Bxf6 12.Nf3 O-O 13.Qc2 b5 14.O-O Bf5 15.e4 Bg4
16.Qc3 Nd7 17.Qe3 Nb6 18.Rfc1 Rfe8 19.e5 Be7 20.Ne1 Nd5 21.Qe4 Bf5 22.Qf3 Qg6
23.a4 a6 24.h3 f6 25.b3 fxe5 26.dxe5 c3 27.Bxc3 Bg5 28.g4 Bxc1 29.Rxc1 Be6
30.Bd4 Rf8 31.Qg3 Nf4 32.Bf1 Bd5 33.Be3 Qe4 34.Ng2 Ng6 35.f4 Nxe5 36.fxe5 Rf3
37.Qe1 Raf8 38.Qd2 Rxh3 39.axb5 axb5 40.b4 Qxg4 41.Bc5 Qh5  0-1

[Event "8th Chervonograd IM"]
[Site "Chervonograd UKR"]
[Date "2012.11.18"]
[Round "9.3"]
[White "Sevostianov,P"]
[Black "Doluhanova,E"]
[Result "1-0"]
[WhiteElo "2279"]
[BlackElo "2287"]

1.c4 e5 2.g3 d6 3.Bg2 g6 4.Nc3 Bg7 5.d3 Nf6 6.e4 Be6 7.Nge2 Qd7 8.h3 c6 9.f4 h5
10.Be3 Na6 11.Qd2 Rc8 12.b3 b5 13.Rc1 b4 14.Nd1 h4 15.g4 Nxg4 16.hxg4 Bxg4
17.O-O h3 18.Bf3 h2+ 19.Kh1 Bxf3+ 20.Rxf3 Rh3 21.Ng3 f5 22.Nf2 Rh4 23.exf5  1-0

[Event "11th Kheireddine Ameyar Mem 2012"]
[Site "Algiers ALG"]
[Date "2012.11.19"]
[Round "7.4"]
[White "Lazic,Mir"]
[Black "Njili,K"]
[Result "1/2-1/2"]
[WhiteElo "2464"]
[BlackElo "2374"]

1.c4 e5 2.g3 Nf6 3.Bg2 d5 4.cxd5 Nxd5 5.Nc3 Be6 6.Nf3 Nc6 7.O-O Be7 8.d4 Nxc3
9.bxc3 exd4 10.cxd4 O-O 11.Qa4 Bd5 12.e3 a6 13.Ba3 b5 14.Bxe7 Qxe7 15.Qc2 Nb4
16.Qd2 c5 17.a3 Nc6 18.dxc5 Qxc5 19.Rfc1 Bc4 20.Bf1 Qh5 21.Bxc4 bxc4 22.Kg2 Na5
23.Nd4 Rfd8 24.Rd1  1/2-1/2

[Event "22nd World Seniors Open"]
[Site "Kamena Vourla GRE"]
[Date "2012.11.19"]
[Round "7.11"]
[White "Cebalo,M"]
[Black "Staub,G"]
[Result "1-0"]
[WhiteElo "2403"]
[BlackElo "2074"]

1.c4 e5 2.g3 Nf6 3.Bg2 c6 4.d4 exd4 5.Qxd4 Na6 6.Nf3 Bc5 7.Qe5+ Qe7 8.Qxe7+ Bxe7
9.Nc3 d5 10.cxd5 Nb4 11.O-O Nfxd5 12.Bd2 O-O 13.e4 Nxc3 14.Bxc3 Be6 15.a3 Na6
16.Nd4 Bd7 17.Rfd1 Rad8 18.Rac1 b6 19.Nf5 Bxf5 20.exf5 c5 21.Be5 Bf6 22.f4 Rxd1+
23.Rxd1 Bxe5 24.fxe5 Nb8 25.e6 fxe6 26.fxe6 g6 27.e7 Re8 28.Bd5+ Kg7 29.Re1 a6
30.h4 b5 31.b3 Kf6 32.g4  1-0